00369nam a2200145Ia 4500008004100000020001800041082001300059100002300072245002900095250000800124260002600132300001100158500002500169650002900194230524s9999 xx 000 0 und d a9788190501529 a330bDAS aPartha Sarathi Das 0aOrganisational Behaviour a2ND aNEW DELHIbAlokc2007 aIX;573 aQuantity Number: 35 aOrganisational Behaviour